[Event "FRA-ch op-B"]
[Site "Pau"]
[Date "2012.08.24"]
[Round "10"]
[White "Noreskal, Slomy"]
[Black "Nobili, Denis"]
[Result "0-1"]
[WhiteElo "1922"]
[BlackElo "1995"]
[PlyCount "56"]
[EventDate "2012.08.14"]
[EventType "swiss"]
[EventRounds "11"]
[EventCountry "FRA"]
[SourceTitle "EXT 2013"]
[Source "ChessBase"]
[SourceDate "2012.11.22"]
[SourceVersion "1"]
[SourceVersionDate "2012.11.22"]
[SourceQuality "1"]

1. e4 e5 2. Nf3 Nc6 3. Bc4 Bc5 4. 0-0 Nf6 5. b4 Bxb4 6. c3 Be7 7. d4 d6 8. Nbd2 0-0 9. Qc2 Bg4 10. Ba3 exd4 11. Nxd4 Ne5 12. Bb3 c5 13. Nf5 Bxf5 14. exf5 b5 15. c4 a6 16. Rfe1 Re8 17. Rad1 Qc7 18. Bb2 Ned7 19. Nf3 Bf8 20. Qd3 Qb6 21. Ng5 d5 22. cxb5 c4 23. Bxc4 dxc4 24. Qxc4 Qxb5 25. Qxf7+ Kh8 26. Bxf6 Nxf6 27. g4 Qb4 28. Rxe8 Qxg4+ 0-1

[Event "FRA-ch op-B"]
[Site "Pau"]
[Date "2008.08.20"]
[Round "8"]
[White "Lepot, Simon"]
[Black "Noreskal, Slomy"]
[Result "1-0"]
[WhiteElo "1982"]
[BlackElo "1854"]
[PlyCount "101"]
[EventDate "2008.08.11"]
[EventType "swiss"]
[EventRounds "11"]
[EventCountry "FRA"]
[SourceTitle "CBM 126 Extra"]
[Source "ChessBase"]
[SourceDate "2008.11.05"]
[SourceVersion "1"]
[SourceVersionDate "2008.11.05"]
[SourceQuality "1"]

1. e4 e6 2. d4 d5 3. Nc3 Nf6 4. Bg5 Be7 5. e5 Nfd7 6. h4 a6 7. Qg4 f6 8. Qh5+ g6 9. exf6 Nxf6 10. Qe2 Nc6 11. 0-0-0 0-0 12. Nf3 b5 13. Bh6 b4 14. Nb1 Re8 15. Ne5 Nxe5 16. dxe5 Ne4 17. Nd2 Nc3 18. bxc3 bxc3 19. Nb3 Ba3+ 20. Kb1 a5 21. Qg4 a4 22. Bd3 axb3 23. cxb3 Qe7 24. h5 Qb4 25. Qxb4 Bxb4 26. hxg6 hxg6 27. Bg5 Rf8 28. Bf6 Rxf6 29. exf6 Kf7 30. Rh6 Kxf6 31. Rxg6+ Ke5 32. Rg8 Bb7 33. Rxa8 Bxa8 34. Kc2 d4 35. f3 Bc6 36. Re1+ Kd6 37. Be4 Be8 38. f4 c5 39. Bd3 Bd7 40. g4 Ba5 41. g5 Bd8 42. g6 Bf6 43. a4 Bc6 44. a5 Bd5 45. Be4 c4 46. bxc4 Bxc4 47. Rb1 Bd8 48. g7 e5 49. fxe5+ Kxe5 50. Bd3 Ba2 51. Rb3 1-0